Ekonomika zdravotníctva

Enregistré dans:
Détails bibliographiques
Auteur principal: Stanek, Vojtech
Collectivité auteur: Ekonomická univerzita v Bratislave. Národohospodárska fakulta
Autres auteurs: Pechová, Michaela, 1977-, Barkócziová, Michaela, Ošková, Silvia, 1979-
Format: Livre
Langue:slovaque
Publié: Bratislava Vydavateľstvo EKONÓM 2005
Sujets:
Tags: Ajouter un tag
Pas de tags, Soyez le premier à ajouter un tag!

MARC

LEADER 00000nam$a2200000$$$4500
001 0028454
005 20240502071431.1
020 |a 80-225-1996-0 
041 0 |a slo 
044 |a SK 
245 1 0 |a Ekonomika zdravotníctva  |c Vojtech Stanek a kolektív 
264 1 |a Bratislava  |b Vydavateľstvo EKONÓM  |c 2005 
300 |a 223 s. 
610 2 0 |a zdravotníctvo 
610 2 0 |a zdravie 
610 2 0 |a obyvateľstvo 
610 2 0 |a starostlivosť zdravotná 
610 2 0 |a financovanie 
610 2 0 |a ceny 
610 2 0 |a zdroje ľudské 
610 2 0 |a trh 
610 2 0 |a porovnanie medzinárodné 
610 2 0 |a poistenie zdravotné 
610 2 0 |a reformy 
610 2 0 |a zariadenia zdravotnícke 
610 2 0 |a nemocnice 
610 2 0 |a správa štátna 
610 2 0 |a kvalita 
610 2 0 |a liečivá 
610 2 0 |a farmakológia 
100 1 |a Stanek, Vojtech 
700 1 |a Pechová, Michaela, 1977- 
700 1 |a Barkócziová, Michaela 
700 1 |a Ošková, Silvia, 1979- 
710 2 |a Ekonomická univerzita v Bratislave. Národohospodárska fakulta